The Communist open united front struggle in Singapore, 1954-1966 /
محفوظ في:
| المؤلف الرئيسي: | |
|---|---|
| التنسيق: | أطروحة كتاب |
| اللغة: | English |
| منشور في: |
1983
|
| الموضوعات: | |
| الوسوم: |
إضافة وسم
لا توجد وسوم, كن أول من يضع وسما على هذه التسجيلة!
|
| LEADER | 01015nam a2200325 4500 | ||
|---|---|---|---|
| 001 | u47016 | ||
| 003 | SIRSI | ||
| 008 | 851011s1983 si v 0 eng | ||
| 015 | |a X850008006 | ||
| 035 | |a AAF-0649 | ||
| 040 | |a UMM | ||
| 043 | |a a-si--- |a a-my--- | ||
| 050 | 0 | |a DS599.6 | |
| 090 | 0 | 0 | |a DS599.6 |b Lee |
| 100 | 1 | 0 | |a Lee, Ting Hui |
| 245 | 1 | 4 | |a The Communist open united front struggle in Singapore, 1954-1966 / |c Lee Ting Hui |
| 260 | |c 1983 | ||
| 300 | |a 913 leaves ; |c 30cm | ||
| 502 | |a Thesis (Ph.D.) -- National University of Singapore, 1983 | ||
| 504 | 0 | 0 | |a Bibliography: p.832-913 |
| 610 | 2 | 0 | |a Parti Komunis Malaya. |
| 650 | 0 | |a Communism |z Singapore |x History | |
| 650 | 0 | |a Communism |z Malaya |x History | |
| 650 | 0 | |a Communist parties |z Singapore | |
| 651 | 0 | |a Singapore |x Politics and government | |
| 984 | |c closed stacks f DS599.6.Lee@100713651F | ||
| 998 | 0 | 0 | |a UMM |
| 948 | |a 16/03/1991 |b 16/03/1991 | ||
| 596 | |a 1 | ||
| 999 | |a DS599.6 LEE |w LC |c 1 |i A002890493 |l STACKS |m P01UTAMA |r Y |s Y |t TESIS |u 28/10/1991 | ||
